Francisco el Papa y el filósofo Alberto Methol Ferré
Saved in:
| Hovedforfatter: | |
|---|---|
| Format: | Bog |
| Sprog: | spansk |
| Udgivet: |
Santiago
Ediciones UC
2015
|
| Udgivelse: | 1a. ed |
| Serier: | XX Humanitas
|
| Fag: | |
| Tags: |
Tilføj Tag
Ingen Tags, Vær først til at tagge denne postø!
|
MARC
| LEADER | 00000cam a2200000 a 4500 | ||
|---|---|---|---|
| 001 | UCD9650 | ||
| 003 | CL-VaPUC | ||
| 008 | 170630e20150000cl |||||||||||||||||spa|d | ||
| 020 | |a 9789561416130 | ||
| 082 | 0 | 4 | |a 291.61 |b MET |2 21 |
| 100 | |a Metalli, Alver |e autor |9 593312 | ||
| 245 | 1 | 0 | |a Francisco el Papa y el filósofo Alberto Methol Ferré |
| 250 | |a 1a. ed | ||
| 300 | |a 205 p | ||
| 942 | |c BK | ||
| 945 | |d 20170630 21:31:00 |a dcastane | ||
| 260 | |a Santiago |b Ediciones UC |c 2015 | ||
| 650 | 0 | |a Papas |9 258738 | |
| 650 | 0 | |a Teología pastoral |9 257832 | |
| 650 | 0 | |a Religión y sociología |9 312467 | |
| 583 | |a last modification |c 20170630 21:31:00 |k Rodrigo Vera | ||
| 490 | 0 | |a XX Humanitas | |
| 999 | |c 368726 |d 368724 | ||
| 952 | |0 0 |1 0 |3 erb |4 0 |6 291_610000000000000_MET_2015 |7 0 |8 A |9 484133 |a BIBTEO |b BIBTEO |i 5403391 |o 291.61 MET 2015 |p 5403391 |r 2024-01-18 |w 2019-11-24 |y BK |z Catalogado en:20170630 |k ICR | ||